[Event "European Youth Chess Championship B18"]
[Site "Prague, Top Hotel Prague"]
[Date "2016.08.27"]
[Round "9.15"]
[White "Hauge, Lars Oskar"]
[Black "Alexiadis, Hristos"]
[Result "1-0"]
[WhiteElo "2391"]
[BlackElo "2226"]
[PlyCount "89"]
[EventDate "2016.08.18"]

1. e4 c5 2. Nf3 d6 3. d4 cxd4 4. Nxd4 Nf6 5. Nc3 a6 6. Bc4 e6 7. Bb3 b5 8. O-O
Bd7 9. Bg5 Nc6 10. Nxc6 Bxc6 11. a4 b4 12. Nd5 exd5 13. exd5 Bd7 14. Re1+ Be7
15. Bxf6 gxf6 16. Re3 Bc8 17. Qh5 h6 18. Rae1 Ra7 19. Bc4 Kf8 20. Bd3 Rc7 21.
R1e2 a5 22. h3 Qe8 23. Bb5 Qd8 24. Qh4 Rh7 25. Qd4 Bf5 26. Qb6 Qc8 27. Ba6 Qd8
28. Rxe7 Rc8 29. Qd4 Rxc2 30. Re8+ Qxe8 31. Rxe8+ Kxe8 32. Bd3 Bxd3 33. Qxd3
Rxb2 34. Qxh7 Rd2 35. Qe4+ Kf8 36. Qc4 Kg7 37. Qb5 Rc2 38. Qxa5 b3 39. Qb5 b2
40. Kh2 Rd2 41. Kg3 Rc2 42. a5 Rc5 43. Qxb2 Rxa5 44. Qb7 Rc5 45. Qc6 1-0

[Event "European Youth Chess Championship B18"]
[Site "Prague, Top Hotel Prague"]
[Date "2016.08.27"]
[Round "9.16"]
[White "Rajkovic, Mladen"]
[Black "Blahynka, Martin"]
[Result "0-1"]
[WhiteElo "2286"]
[BlackElo "2431"]
[PlyCount "66"]
[EventDate "2016.08.18"]

1. e4 e5 2. Nf3 Nc6 3. Bb5 a6 4. Ba4 b5 5. Bb3 Na5 6. Bxf7+ Kxf7 7. Nxe5+ Ke7
8. d4 Nf6 9. Nd3 Qe8 10. O-O Kd8 11. e5 Nd5 12. f4 g6 13. Qe2 Bb7 14. Nd2 h5
15. Ne4 h4 16. f5 h3 17. g3 gxf5 18. Rxf5 Kc8 19. Bg5 Kb8 20. a4 Bc6 21. b3 Qg6
22. g4 Be7 23. axb5 axb5 24. c4 Nxb3 25. Rxa8+ Bxa8 26. cxd5 Nxd4 27. Qb2 Nxf5
28. e6 Qg7 29. Qxb5+ Bb7 30. Nec5 Qd4+ 31. Kf1 Nd6 32. Nxd7+ Kc8 33. Qb3 Bxg5
0-1

[Event "European Youth Chess Championship B18"]
[Site "Prague, Top Hotel Prague"]
[Date "2016.08.27"]
[Round "9.17"]
[White "Christiansen, Johan-Sebastian"]
[Black "Fidalgo, Andre Neves"]
[Result "1-0"]
[WhiteElo "2404"]
[BlackElo "2266"]
[PlyCount "51"]
[EventDate "2016.08.18"]

1. Nf3 Nf6 2. c4 g6 3. g3 Bg7 4. Bg2 O-O 5. O-O d6 6. d4 c5 7. dxc5 dxc5 8. Ne5
Qc7 9. Nd3 Nbd7 10. Nc3 a6 11. Be3 Rb8 12. Rc1 b6 13. b4 Bb7 14. Nd5 Qd6 15.
bxc5 bxc5 16. Nxf6+ Bxf6 17. Bxb7 Rxb7 18. Qa4 Rc8 19. Rb1 Rcb8 20. Rxb7 Rxb7
21. Rd1 Bd4 22. Nxc5 Nxc5 23. Qe8+ Kg7 24. Rxd4 Rb1+ 25. Kg2 Qc7 26. Rd8 1-0

[Event "European Youth Chess Championship B18"]
[Site "Prague, Top Hotel Prague"]
[Date "2016.08.27"]
[Round "9.18"]
[White "Karas, Marek"]
[Black "Morozov, Nichita"]
[Result "0-1"]
[WhiteElo "2278"]
[BlackElo "2398"]
[PlyCount "40"]
[EventDate "2016.08.18"]

1. d4 Nf6 2. Nf3 d5 3. c4 dxc4 4. e3 a6 5. Bxc4 b5 6. Bb3 e6 7. O-O Be7 8. Nc3
Bb7 9. Qe2 O-O 10. Rd1 Qc8 11. Bd2 Nbd7 12. a3 c5 13. dxc5 Nxc5 14. Ba2 Rd8 15.
Be1 Qc7 16. Rac1 Ng4 17. h3 Bxf3 18. Qxf3 Qh2+ 19. Kf1 Qh1+ 20. Ke2 Nh2 0-1

[Event "European Youth Chess Championship B18"]
[Site "Prague, Top Hotel Prague"]
[Date "2016.08.27"]
[Round "9.19"]
[White "Carnicelli, Valerio"]
[Black "Haria, Ravi"]
[Result "1-0"]
[WhiteElo "2244"]
[BlackElo "2394"]
[PlyCount "53"]
[EventDate "2016.08.18"]

1. e4 e6 2. d4 d5 3. Nc3 Bb4 4. e5 Ne7 5. a3 Bxc3+ 6. bxc3 c5 7. Qg4 Qc7 8.
Qxg7 Rg8 9. Qxh7 cxd4 10. Ne2 Nbc6 11. f4 Bd7 12. Qd3 dxc3 13. Rb1 Nf5 14. Qxc3
Rc8 15. Rg1 d4 16. Qd3 Na5 17. g4 Nh4 18. Rb4 a6 19. a4 Nc6 20. Rb1 Qa5+ 21.
Bd2 Qd5 22. Kf2 f6 23. exf6 e5 24. Nc3 Qf7 25. Rxb7 Nb8 26. Ne4 Qd5 27. Qb3 1-0

[Event "European Youth Chess Championship B18"]
[Site "Prague, Top Hotel Prague"]
[Date "2016.08.27"]
[Round "9.20"]
[White "Nikolovski, Nikola"]
[Black "Capone, Nicola"]
[Result "0-1"]
[WhiteElo "2252"]
[BlackElo "2392"]
[PlyCount "98"]
[EventDate "2016.08.18"]

1. e4 e6 2. d3 c5 3. f4 Nc6 4. Nf3 a6 5. g3 b5 6. Bg2 Bb7 7. O-O Be7 8. h3 d5
9. Be3 dxe4 10. dxe4 Nf6 11. Nbd2 O-O 12. Qe2 Nb4 13. Ne1 Qc7 14. g4 c4 15. c3
Nc6 16. Qf2 Nd7 17. Nef3 Na5 18. g5 Bc5 19. Kh1 Bxe3 20. Qxe3 Nc5 21. Nd4 Nd3
22. b3 e5 23. fxe5 Nxe5 24. Rf5 Rae8 25. b4 Nac6 26. a4 Bc8 27. Rff1 Nxd4 28.
cxd4 Nc6 29. axb5 axb5 30. d5 Nxb4 31. Rab1 Nxd5 32. Qd4 Nf4 33. Rxb5 Ne2 34.
Rc5 Qb8 35. Qxc4 Ng3+ 36. Kg1 Nxf1 37. Qxf1 Qb4 38. Qf2 Rd8 39. Nc4 Be6 40. Ne5
Rd1+ 41. Kh2 Rd2 42. Qe3 Qb2 43. Qg3 Qd4 44. Ra5 Qxe4 45. Nf3 Rb2 46. Re5 Qb7
47. Qf4 Rc8 48. Nd2 Qd7 49. Ne4 Rcc2 0-1

[Event "European Youth Chess Championship B18"]
[Site "Prague, Top Hotel Prague"]
[Date "2016.08.27"]
[Round "9.21"]
[White "Bunyatov, Rustam"]
[Black "Huber, Martin Christian"]
[Result "1/2-1/2"]
[WhiteElo "2230"]
[BlackElo "2377"]
[PlyCount "62"]
[EventDate "2016.08.18"]

1. e4 e6 2. d4 d5 3. Nd2 c5 4. Ngf3 cxd4 5. Nxd4 Nf6 6. Bb5+ Bd7 7. exd5 Nxd5
8. O-O Bxb5 9. Nxb5 a6 10. Nd4 Be7 11. N2f3 O-O 12. c4 Nf6 13. b3 Nbd7 14. Bb2
Qc7 15. Qe2 Rfe8 16. Rfd1 Bf8 17. Rac1 g6 18. Nc2 Bh6 19. Ne3 e5 20. Rc2 e4 21.
Bxf6 Nxf6 22. Nd4 Rad8 23. Rcd2 Bf4 24. h3 Bh2+ 25. Kh1 Bd6 26. Ndc2 Qe7 27.
Nd5 Nxd5 28. Rxd5 Bf4 29. Ne3 Rxd5 30. Rxd5 f5 31. g3 Bxe3 1/2-1/2

[Event "European Youth Chess Championship B18"]
[Site "Prague, Top Hotel Prague"]
[Date "2016.08.27"]
[Round "9.22"]
[White "Laiz, Ibanez Hector"]
[Black "Sawlin, Leonid"]
[Result "0-1"]
[WhiteElo "2229"]
[BlackElo "2322"]
[PlyCount "88"]
[EventDate "2016.08.18"]

1. e4 c5 2. Nf3 d6 3. d4 cxd4 4. Nxd4 Nf6 5. Nc3 a6 6. a4 e5 7. Nf3 Qc7 8. Bg5
Nbd7 9. Nd2 Be7 10. Bc4 Nb6 11. Bb3 Be6 12. Bxf6 Bxf6 13. a5 Nd7 14. Nd5 Bxd5
15. Bxd5 O-O 16. Nc4 Kh8 17. O-O Bg5 18. Ra3 Rad8 19. Rb3 Nc5 20. Rb6 Rb8 21.
Qh5 Be7 22. Bxf7 Nd7 23. Be6 g6 24. Qe2 Nxb6 25. axb6 Qc5 26. Ra1 Bd8 27. Ra5
Qc6 28. Bd5 Qd7 29. Ra3 Rc8 30. Qe3 Kg7 31. c3 Rc5 32. Nxe5 Rxd5 33. exd5 dxe5
34. Qxe5+ Bf6 35. Qc7 Rf7 36. Qxd7 Rxd7 37. c4 Bxb2 38. Rd3 a5 39. c5 a4 40. g3
a3 41. c6 a2 42. cxd7 a1=Q+ 43. Kg2 Bf6 44. Rf3 Qd4 0-1

[Event "European Youth Chess Championship B18"]
[Site "Prague, Top Hotel Prague"]
[Date "2016.08.27"]
[Round "9.23"]
[White "Jablonicky, Martin"]
[Black "Toma, Radu-Cristian"]
[Result "1/2-1/2"]
[WhiteElo "2198"]
[BlackElo "2303"]
[PlyCount "55"]
[EventDate "2016.08.18"]

1. c4 c5 2. Nf3 Nc6 3. d4 cxd4 4. Nxd4 g6 5. e4 Nf6 6. Nc3 Nxd4 7. Qxd4 d6 8.
Be3 Bg7 9. f3 O-O 10. Qd2 Be6 11. Rc1 Qa5 12. b3 Rfc8 13. Be2 a6 14. Nd5 Qxd2+
15. Kxd2 Nxd5 16. cxd5 Bd7 17. Rxc8+ Rxc8 18. Rc1 Rxc1 19. Kxc1 f5 20. Kd2 Kf7
21. a4 fxe4 22. fxe4 Be5 23. h3 e6 24. Bg4 h5 25. dxe6+ Bxe6 26. Bxe6+ Kxe6 27.
Kd3 d5 28. Bb6 1/2-1/2

[Event "European Youth Chess Championship B18"]
[Site "Prague, Top Hotel Prague"]
[Date "2016.08.27"]
[Round "9.24"]
[White "O`Donnell, Conor"]
[Black "Redondo, Benavente Jose Carl"]
[Result "1-0"]
[WhiteElo "2347"]
[BlackElo "2206"]
[PlyCount "71"]
[EventDate "2016.08.18"]

1. d4 Nf6 2. c4 d6 3. Nf3 g6 4. Nc3 Bf5 5. Ng5 Bd7 6. f4 Bg7 7. e4 O-O 8. Be2
c5 9. d5 h6 10. Nf3 a6 11. a4 e6 12. O-O exd5 13. cxd5 Bg4 14. Qb3 Qc7 15. e5
Ne8 16. e6 Qe7 17. h3 Bxf3 18. Bxf3 a5 19. Bd2 Na6 20. Rae1 f5 21. Ne2 Nb4 22.
Bc3 Rc8 23. Qc4 Nf6 24. g4 fxg4 25. hxg4 h5 26. g5 Ne8 27. Qe4 Rf5 28. Ng3 Rxg5
29. fxg5 Qxg5 30. Kh2 Bxc3 31. bxc3 Nf6 32. Qe3 Qh4+ 33. Kg2 Nc2 34. Qh6 Nxe1+
35. Rxe1 Qxa4 36. Qxg6+ 1-0

[Event "European Youth Chess Championship B18"]
[Site "Prague, Top Hotel Prague"]
[Date "2016.08.27"]
[Round "9.25"]
[White "Filipets, Egor"]
[Black "Theocharous, Stelios"]
[Result "1-0"]
[WhiteElo "2301"]
[BlackElo "1972"]
[PlyCount "83"]
[EventDate "2016.08.18"]

1. Nf3 Nf6 2. g3 d5 3. Bg2 Bg4 4. Ne5 Bf5 5. O-O Nbd7 6. d4 e6 7. c4 c6 8. Nc3
Bd6 9. Bf4 Qc7 10. Qb3 O-O 11. Nxd7 Nxd7 12. Bxd6 Qxd6 13. Qxb7 Rfb8 14. Qa6
Rb6 15. c5 Rxa6 16. cxd6 Rb8 17. b3 c5 18. dxc5 Nxc5 19. Rac1 Nd7 20. Rfd1 Rxd6
21. e4 Bg4 22. f3 Bh5 23. exd5 Ne5 24. g4 Bg6 25. dxe6 Rxe6 26. Nd5 Nd3 27. Rc3
Ne1 28. Bf1 h5 29. Nf4 Rf6 30. Nxg6 Nxf3+ 31. Kg2 hxg4 32. Ne7+ Kf8 33. Rc8+
Rxc8 34. Nxc8 Kg8 35. Kg3 g5 36. Ne7+ Kg7 37. Bd3 Ne5 38. Nf5+ Kg6 39. Ne3+ Kg7
40. Be2 Rf4 41. Nxg4 Re4 42. Bf3 1-0

[Event "European Youth Chess Championship B18"]
[Site "Prague, Top Hotel Prague"]
[Date "2016.08.27"]
[Round "9.26"]
[White "Zirkelbach, Maj"]
[Black "Bakhmatsky, Vladislav"]
[Result "0-1"]
[WhiteElo "2189"]
[BlackElo "2296"]
[PlyCount "128"]
[EventDate "2016.08.18"]

1. d4 Nf6 2. c4 g6 3. Nc3 d5 4. Bg5 Ne4 5. Bh4 Nxc3 6. bxc3 Bg7 7. Nf3 dxc4 8.
Qa4+ Qd7 9. Qxc4 b6 10. e3 Ba6 11. Qb3 Bxf1 12. Kxf1 Nc6 13. Ke2 O-O 14. Rhd1
Na5 15. Qb4 Rfe8 16. Rac1 Rac8 17. Kf1 Qd5 18. c4 Qe4 19. c5 e5 20. Qb5 exd4
21. exd4 Qd5 22. Re1 Rxe1+ 23. Rxe1 Nc6 24. Qa6 Rf8 25. cxb6 axb6 26. Bg3 Nxd4
27. Nxd4 Bxd4 28. Rd1 c5 29. Qxb6 Qxa2 30. Qb1 Qd5 31. Qd3 Re8 32. Bf4 Qa2 33.
Rd2 Qa1+ 34. Rd1 Qb2 35. Qd2 Qb3 36. Qd3 Qe6 37. h3 Qf6 38. Bg3 h5 39. Qf3 Qxf3
40. gxf3 Ra8 41. Rd2 Kg7 42. Rxd4 cxd4 43. Be5+ Kf8 44. Bxd4 Ra4 45. Bc5+ Ke8
46. Kg2 Kd7 47. Be3 Ra5 48. Kg3 Ke6 49. Bc1 Rf5 50. Be3 Kd5 51. h4 Kc4 52. f4
Kd5 53. Kf3 Ke6 54. Bd4 Ra5 55. Bb6 Ra3+ 56. Kg2 Kf5 57. Bc7 Kg4 58. Bd8 Kxf4
59. Be7 Rb3 60. Bd8 Kg4 61. Be7 Rf3 62. Bd8 Rf5 63. Be7 f6 64. Bb4 Kxh4 0-1

[Event "European Youth Chess Championship B18"]
[Site "Prague, Top Hotel Prague"]
[Date "2016.08.27"]
[Round "9.27"]
[White "Pozun, Matej"]
[Black "Hollan, Petr"]
[Result "0-1"]
[WhiteElo "2078"]
[BlackElo "2292"]
[PlyCount "92"]
[EventDate "2016.08.18"]

1. e4 e6 2. d4 d5 3. Nc3 Nf6 4. e5 Nfd7 5. f4 c5 6. Nf3 Nc6 7. Be3 Be7 8. Be2
a6 9. dxc5 Nxc5 10. O-O b5 11. a3 g6 12. Nd4 Bb7 13. Qd2 Rc8 14. Rad1 Qc7 15.
Nxc6 Bxc6 16. Bd4 Nd7 17. Qe3 Bb7 18. b4 Bc6 19. g4 a5 20. Nxb5 Bxb5 21. Bxb5
axb4 22. axb4 Bxb4 23. Ra1 Rb8 24. Ra7 Qxa7 25. Bxa7 Rxb5 26. Qd3 Ra5 27. Bd4
O-O 28. f5 Rc8 29. Rb1 Bf8 30. Rb2 Ra4 31. Kg2 Nc5 32. Bxc5 Bxc5 33. fxe6 fxe6
34. Rb7 Rxg4+ 35. Kh3 Rc4 36. Qe2 Rf8 37. Rb3 Rf2 38. Rb8+ Kg7 39. Rb7+ Kh6 40.
Qd3 Rfxc2 41. Rb3 Bd4 42. Qf1 Bxe5 43. Qf8+ Kh5 44. Qf3+ Kg5 45. Qe3+ Kf6 46.
Qf3+ Bf4 0-1

[Event "European Youth Chess Championship B18"]
[Site "Prague, Top Hotel Prague"]
[Date "2016.08.27"]
[Round "9.28"]
[White "Patrascu, Catalin-Lucian"]
[Black "Beeck, Mats"]
[Result "1/2-1/2"]
[WhiteElo "2286"]
[BlackElo "2196"]
[PlyCount "44"]
[EventDate "2016.08.18"]

1. d4 Nf6 2. c4 g6 3. Nc3 Bg7 4. e4 d6 5. Nf3 O-O 6. Be2 c5 7. d5 e6 8. O-O Re8
9. h3 Na6 10. Bf4 exd5 11. exd5 Ne4 12. Nxe4 Rxe4 13. Bc1 Re8 14. a3 Bf5 15.
Bd3 Qd7 16. Bxf5 Qxf5 17. Be3 b5 18. cxb5 Nc7 19. Qd2 Qxd5 20. Rad1 Qxd2 21.
Rxd2 Nxb5 22. a4 Nd4 1/2-1/2

[Event "European Youth Chess Championship B18"]
[Site "Prague, Top Hotel Prague"]
[Date "2016.08.27"]
[Round "9.29"]
[White "Krutsky, Martin"]
[Black "Winiarski, Mikolaj"]
[Result "0-1"]
[WhiteElo "2035"]
[BlackElo "2285"]
[PlyCount "96"]
[EventDate "2016.08.18"]

1. e4 c5 2. Nf3 e6 3. d4 cxd4 4. Nxd4 Nc6 5. Nc3 Qc7 6. Be3 a6 7. Bd3 Nf6 8.
O-O Ne5 9. h3 b5 10. Qe2 Bc5 11. f4 Nxd3 12. cxd3 Bb7 13. Nb3 Bxe3+ 14. Qxe3 d6
15. Rac1 Qd8 16. Ne2 O-O 17. g4 Rc8 18. Ng3 Nd7 19. f5 Qh4 20. Nh5 g6 21. Nf4
exf5 22. Ng2 Qf6 23. Nd4 Rxc1 24. Rxc1 fxg4 25. hxg4 Ne5 26. Rf1 Qg7 27. Qg3
Nxg4 28. Qxd6 Qe5 29. Qxe5 Nxe5 30. Nf4 h5 31. Nf3 Nxf3+ 32. Rxf3 Kg7 33. Re3
Re8 34. e5 Kh6 35. d4 g5 36. Nd3 f5 37. Nc5 f4 38. Re1 Bd5 39. Nxa6 Bxa2 40.
Nc7 Rc8 41. Nxb5 Rc2 42. Nc3 Bc4 43. Ne4 g4 44. Rd1 f3 45. d5 h4 46. d6 g3 47.
Rf1 Bxf1 48. d7 Bh3 0-1

[Event "European Youth Chess Championship B18"]
[Site "Prague, Top Hotel Prague"]
[Date "2016.08.27"]
[Round "9.30"]
[White "Friedland, Moshe"]
[Black "Egri, Laszlo Jr"]
[Result "1-0"]
[WhiteElo "2170"]
[BlackElo "2257"]
[PlyCount "69"]
[EventDate "2016.08.18"]

1. e4 c5 2. Nf3 e6 3. Nc3 a6 4. g3 b5 5. d4 cxd4 6. Nxd4 Bb7 7. Bg2 d6 8. O-O
Nd7 9. Re1 Qc7 10. a4 bxa4 11. Nd5 exd5 12. exd5+ Be7 13. Nf5 Kf8 14. Qg4 Bf6
15. Bf4 h5 16. Qf3 Be5 17. Bxe5 dxe5 18. Rxa4 Ngf6 19. Qb3 Bxd5 20. Bxd5 Nxd5
21. Qxd5 Nb6 22. Qe4 g6 23. Ne3 Kg7 24. Nd5 Nxd5 25. Qxd5 Rhe8 26. Rc4 Qb6 27.
Rxe5 Qxb2 28. Rc7 Rf8 29. Ree7 Qf6 30. Re6 Qa1+ 31. Kg2 Rad8 32. Qg5 Kh7 33.
Qxg6+ Kh8 34. Qh6+ Kg8 35. Rg6+ 1-0

[Event "European Youth Chess Championship B18"]
[Site "Prague, Top Hotel Prague"]
[Date "2016.08.27"]
[Round "9.31"]
[White "Tokranovs, Dmitrijs"]
[Black "Kostka, Vit"]
[Result "1-0"]
[WhiteElo "2257"]
[BlackElo "2188"]
[PlyCount "62"]
[EventDate "2016.08.18"]

1. e4 g6 2. d4 Bg7 3. c3 d6 4. Be3 e6 5. Na3 b6 6. Qd2 Bb7 7. f3 Ne7 8. O-O-O
d5 9. Bd3 Nd7 10. e5 h6 11. Ne2 a6 12. g4 c5 13. h4 Qc7 14. Kb1 c4 15. Bc2
O-O-O 16. h5 g5 17. f4 gxf4 18. Bxf4 Rdg8 19. Rdf1 Nc6 20. g5 hxg5 21. Bxg5
Ndxe5 22. dxe5 Bxe5 23. Bf6 Bxf6 24. Rxf6 Qe5 25. Rxf7 Rg2 26. Nxc4 Rxe2 27.
Nxb6+ Kb8 28. Nd7+ Ka8 29. Nxe5 Rxd2 30. Nf3 Rf2 31. Ng5 Re2 1-0

[Event "European Youth Chess Championship B18"]
[Site "Prague, Top Hotel Prague"]
[Date "2016.08.27"]
[Round "9.32"]
[White "Tuomainen, Felix"]
[Black "Meunier, Clement"]
[Result "1/2-1/2"]
[WhiteElo "2087"]
[BlackElo "2293"]
[PlyCount "101"]
[EventDate "2016.08.18"]

1. d4 Nf6 2. c4 c5 3. d5 b5 4. cxb5 a6 5. bxa6 g6 6. Nc3 Bg7 7. Nf3 O-O 8. e4
Qa5 9. Bd3 Nxd5 10. exd5 Bxc3+ 11. Bd2 Bxd2+ 12. Qxd2 Qxd2+ 13. Kxd2 Nxa6 14.
Rae1 Re8 15. d6 e6 16. Rc1 Rb8 17. b3 Rb6 18. Bxa6 Bxa6 19. Rxc5 Rxd6+ 20. Kc2
Bb7 21. a4 Be4+ 22. Kb2 Rb8 23. a5 Ra6 24. Kc3 d6 25. Rc7 e5 26. b4 f6 27. Kc4
Bc6 28. Rc1 Be8 29. Rb1 Bf7+ 30. Kd3 Bd5 31. Nd2 Bxg2 32. Nc4 d5 33. Nd2 Bh3
34. Ke2 Rb5 35. Rbc1 Rxb4 36. Re7 Be6 37. Rcc7 Kf8 38. Rxh7 Rb8 39. h4 Rxa5 40.
Rh6 Bf7 41. Rh8+ Bg8 42. Rh6 Rb2 43. Rxg6 Raa2 44. Rxf6+ Ke8 45. Rg7 Rxd2+ 46.
Kf1 Be6 47. Rxe6+ Kf8 48. Rge7 Rxf2+ 49. Kg1 Rf7 50. Rxf7+ Kxf7 51. Rxe5
1/2-1/2

[Event "European Youth Chess Championship B18"]
[Site "Prague, Top Hotel Prague"]
[Date "2016.08.27"]
[Round "9.33"]
[White "Hollan, Martin"]
[Black "Holtman, Teodor"]
[Result "1-0"]
[WhiteElo "2256"]
[BlackElo "2124"]
[PlyCount "109"]
[EventDate "2016.08.18"]

1. Nf3 e6 2. e4 b6 3. d4 Bb7 4. Bd3 Nf6 5. e5 Ng8 6. Qe2 Nc6 7. a3 Nge7 8. Nbd2
Ng6 9. Ne4 Be7 10. c3 d6 11. exd6 cxd6 12. Neg5 Qd7 13. O-O Na5 14. Rb1 Nb3 15.
Be3 O-O 16. h4 Bxf3 17. Nxf3 Rfd8 18. h5 Nf8 19. Nh2 d5 20. Ng4 Qc7 21. Qf3 f5
22. Ne5 Nd7 23. Bxf5 Nxe5 24. Bxe6+ Kh8 25. dxe5 Qxe5 26. Qf5 Qxf5 27. Bxf5 d4
28. cxd4 Nxd4 29. Bg4 Bf6 30. Rfc1 a5 31. a4 Rab8 32. b4 axb4 33. Rxb4 b5 34.
Bxd4 Rxd4 35. Rxd4 Bxd4 36. axb5 Kg8 37. Be2 h6 38. Rc7 Kf8 39. Bc4 Ke8 40. g3
Rb6 41. Kg2 Kd8 42. Rc6 Rxc6 43. bxc6 Kc7 44. Bd5 Kd6 45. Be4 Bb6 46. f4 Bc5
47. Kf3 Bb6 48. Ke2 Ba7 49. g4 Bb6 50. Kd3 Ba5 51. g5 hxg5 52. fxg5 Ke6 53. g6
Bb6 54. Bd5+ Kf6 55. Kc4 1-0

[Event "European Youth Chess Championship B18"]
[Site "Prague, Top Hotel Prague"]
[Date "2016.08.27"]
[Round "9.34"]
[White "Chovan, Milan"]
[Black "Levitan, Tal"]
[Result "1/2-1/2"]
[WhiteElo "2231"]
[BlackElo "2099"]
[PlyCount "57"]
[EventDate "2016.08.18"]

1. c4 e6 2. Nc3 d5 3. d4 Be7 4. cxd5 exd5 5. Bf4 Nf6 6. e3 O-O 7. Bd3 c5 8. Nf3
Nc6 9. O-O Bg4 10. dxc5 Bxc5 11. h3 Bh5 12. g4 Bg6 13. Bxg6 hxg6 14. g5 Ne4 15.
Nxd5 Qd7 16. Qd3 Qf5 17. Nh4 Qxh3 18. Qxe4 Qxh4 19. Qf3 Rad8 20. Rad1 Qh5 21.
Kg2 Nb4 22. Nxb4 Qxf3+ 23. Kxf3 Bxb4 24. a3 Be7 25. Ke2 Rxd1 26. Rxd1 Rd8 27.
Rc1 Rd7 28. Rc8+ Kh7 29. Bb8 1/2-1/2

[Event "European Youth Chess Championship B18"]
[Site "Prague, Top Hotel Prague"]
[Date "2016.08.27"]
[Round "9.35"]
[White "Triger, Ramon"]
[Black "Garanin, Aleksei"]
[Result "0-1"]
[WhiteElo "2215"]
[BlackElo "2118"]
[PlyCount "82"]
[EventDate "2016.08.18"]

1. Nf3 d5 2. g3 Nf6 3. Bg2 Bf5 4. d3 e6 5. O-O c6 6. Nbd2 Be7 7. h3 O-O 8. Nh4
Bg6 9. Nxg6 hxg6 10. e4 dxe4 11. dxe4 e5 12. Nc4 Qc7 13. b3 Nbd7 14. Bb2 b5 15.
Ne3 Nc5 16. Ng4 Nfd7 17. Qe2 Ne6 18. Rad1 a5 19. a3 a4 20. b4 Bf6 21. c4 bxc4
22. Qxc4 Nb6 23. Qc2 Rfc8 24. Rc1 c5 25. bxc5 Nxc5 26. f4 Qe7 27. Qf2 Nbd7 28.
Nxf6+ gxf6 29. fxe5 fxe5 30. Rcd1 Rab8 31. Rd5 Rb3 32. Ba1 Rxa3 33. h4 Rc6 34.
Qe1 Nd3 35. Qa5 Rc5 36. Qa8+ Kg7 37. Kh1 Nb6 38. Qb8 Nxd5 39. exd5 Qc7 40. Qe8
Rc1 41. Bxe5+ Nxe5 0-1

[Event "European Youth Chess Championship B18"]
[Site "Prague, Top Hotel Prague"]
[Date "2016.08.27"]
[Round "9.36"]
[White "Seresin, Francesco"]
[Black "Radulescu, Vlad-Alexandru"]
[Result "1-0"]
[WhiteElo "2200"]
[BlackElo "2029"]
[PlyCount "87"]
[EventDate "2016.08.18"]

1. d4 d5 2. c4 e6 3. Nc3 c5 4. cxd5 exd5 5. Nf3 Nc6 6. g3 c4 7. Bg2 Bb4 8. O-O
Nge7 9. e4 dxe4 10. Nxe4 O-O 11. Be3 Bg4 12. h3 Bxf3 13. Bxf3 Nf5 14. d5 Ne5
15. Bf4 Nd3 16. Bd2 Nxb2 17. Qb1 Bxd2 18. Qxb2 Ba5 19. Qxb7 Bb6 20. Qa6 Re8 21.
Qxc4 Nd4 22. Qd3 f5 23. Nd2 Qg5 24. Kg2 f4 25. g4 h5 26. Rae1 hxg4 27. hxg4
Nxf3 28. Qxf3 Rxe1 29. Rxe1 Rd8 30. d6 Rxd6 31. Ne4 Qe5 32. Nxd6 Qxe1 33. Qxf4
Qe6 34. Qc4 Qxc4 35. Nxc4 Bc7 36. Kf3 Kf7 37. Ke4 Ke6 38. f4 Bd8 39. g5 a6 40.
Ne5 Bc7 41. f5+ Kd6 42. f6 g6 43. Nxg6 Ke6 44. Nf4+ 1-0

[Event "European Youth Chess Championship B18"]
[Site "Prague, Top Hotel Prague"]
[Date "2016.08.27"]
[Round "9.37"]
[White "Schwander, Lukas"]
[Black "Jonsson, Gauti Pall"]
[Result "1/2-1/2"]
[WhiteElo "2199"]
[BlackElo "2075"]
[PlyCount "70"]
[EventDate "2016.08.18"]

1. Nf3 e6 2. c4 f5 3. g3 Nf6 4. Bg2 Be7 5. O-O O-O 6. Nc3 d6 7. d4 a5 8. Re1
Ne4 9. Qd3 Nxc3 10. bxc3 Nc6 11. e4 e5 12. d5 Nb8 13. c5 Na6 14. cxd6 cxd6 15.
Nd2 Nc5 16. Qc2 Qe8 17. Ba3 f4 18. Bxc5 dxc5 19. Qd3 Ra6 20. Nc4 Bd6 21. gxf4
Rxf4 22. Rab1 h5 23. Rb6 Rxb6 24. Nxb6 h4 25. h3 Qf8 26. Re2 Kh8 27. Rb2 c4 28.
Qxc4 Bc5 29. d6 Bxb6 30. Rxb6 Rxf2 31. Rb1 Bd7 32. Rf1 Rxf1+ 33. Bxf1 Qxd6 34.
Qf7 Be6 35. Qh5+ Kg8 1/2-1/2

[Event "European Youth Chess Championship B18"]
[Site "Prague, Top Hotel Prague"]
[Date "2016.08.27"]
[Round "9.38"]
[White "Schwab, Lukas"]
[Black "Caglar, Ahmet Ata"]
[Result "0-1"]
[WhiteElo "2175"]
[BlackElo "1968"]
[PlyCount "70"]
[EventDate "2016.08.18"]

1. e4 c5 2. Nf3 Nc6 3. d4 cxd4 4. Nxd4 e5 5. Nb5 d6 6. N1c3 a6 7. Na3 b5 8. Nd5
Nge7 9. c4 Nxd5 10. exd5 Nd4 11. Bd3 Be7 12. O-O bxc4 13. Nxc4 O-O 14. Be3 Bb7
15. Bxd4 exd4 16. Qf3 Bf6 17. Rfe1 Rc8 18. b3 g6 19. Rad1 Rc5 20. Be4 Bg7 21.
g4 f5 22. gxf5 gxf5 23. Bxf5 Rxd5 24. Be6+ Kh8 25. Bxd5 Rxf3 26. Bxb7 d5 27.
Nd2 Rf7 28. Bxa6 Qg5+ 29. Kh1 Rxf2 30. Bf1 Be5 31. Re2 Rxe2 32. Bxe2 d3 33. Bf3
Qf4 34. Kg1 Qxh2+ 35. Kf1 Bd4 0-1

[Event "European Youth Chess Championship B18"]
[Site "Prague, Top Hotel Prague"]
[Date "2016.08.27"]
[Round "9.39"]
[White "Markocic, Tine"]
[Black "Sinanovic, Ermin"]
[Result "1/2-1/2"]
[WhiteElo "2073"]
[BlackElo "2175"]
[PlyCount "60"]
[EventDate "2016.08.18"]

1. e4 e5 2. Bc4 Nf6 3. d3 Bc5 4. Nc3 d6 5. Na4 Bb6 6. Nxb6 axb6 7. f4 Nc6 8.
Nf3 O-O 9. O-O Na5 10. fxe5 dxe5 11. Bg5 Nxc4 12. Bxf6 Qxf6 13. dxc4 Rd8 14.
Qe2 Bg4 15. b3 Qe7 16. a4 Rd6 17. Rad1 Rad8 18. h3 Bh5 19. g4 Bg6 20. Rd5 f6
21. Rfd1 c6 22. Rxd6 Rxd6 23. Rxd6 Qxd6 24. Qd3 Qe7 25. Nh4 Kf7 26. Kg2 Ke6 27.
Kf3 Qd6 28. Nf5 Qxd3+ 29. cxd3 Bxf5 30. exf5+ Kd6 1/2-1/2

[Event "European Youth Chess Championship B18"]
[Site "Prague, Top Hotel Prague"]
[Date "2016.08.27"]
[Round "9.40"]
[White "Whatley, Stephen A J"]
[Black "Thorgeirsson, Jon Kristinn"]
[Result "1/2-1/2"]
[WhiteElo "2073"]
[BlackElo "2151"]
[PlyCount "67"]
[EventDate "2016.08.18"]

1. e4 e5 2. Nf3 Nc6 3. Bc4 Nf6 4. d3 h6 5. a4 g6 6. O-O Bg7 7. Re1 O-O 8. Nc3
d6 9. a5 a6 10. h3 Be6 11. Bd2 Qd7 12. Nd5 Bxd5 13. Bxd5 Nxd5 14. exd5 Ne7 15.
c4 f5 16. Bc3 g5 17. b4 Ng6 18. Nh2 Nf4 19. Ra3 c6 20. d4 e4 21. Qa4 g4 22.
dxc6 bxc6 23. d5 Nd3 24. dxc6 Qa7 25. Rf1 g3 26. Bxg7 Qxg7 27. fxg3 Qd4+ 28.
Kh1 Qxc4 29. Rb1 Rab8 30. b5 Qc5 31. Rxd3 exd3 32. b6 d5 33. c7 Qxc7 34. bxc7
1/2-1/2

[Event "European Youth Chess Championship B18"]
[Site "Prague, Top Hotel Prague"]
[Date "2016.08.27"]
[Round "9.41"]
[White "Miknevicius, Laurynas"]
[Black "Rajic, Ivan"]
[Result "1-0"]
[WhiteElo "2150"]
[BlackElo "1922"]
[PlyCount "65"]
[EventDate "2016.08.18"]

1. d4 Nf6 2. c4 e6 3. Nf3 d5 4. Nc3 c6 5. Bg5 Nbd7 6. cxd5 exd5 7. e3 Be7 8.
Qc2 O-O 9. Bd3 Re8 10. h3 b6 11. O-O Bb7 12. Rfd1 Nf8 13. Bf4 Ng6 14. Bh2 Bd6
15. Bxd6 Qxd6 16. Rac1 Rac8 17. Qa4 a6 18. Qb3 Nd7 19. Bf5 b5 20. Na4 bxa4 21.
Qxb7 Rc7 22. Qxa6 Rb8 23. Bxd7 Qxd7 24. Rd2 Ne7 25. Ne5 Qd6 26. Qxa4 c5 27. Nd3
cxd4 28. Qxd4 Rxc1+ 29. Nxc1 Rb4 30. Qd3 Qe5 31. Nb3 Qc7 32. Rc2 Rc4 33. Nd4
1-0